Middle Ages Multiple Choice (Hard) - Statistics

General Stats
  • This quiz has been taken 52 times
  • The average score is 7 of 12
Answer Stats
Question Answer % Correct
What period followed the middle ages? The Renaissance
77%
What is the one thing that most medieval monks were allowed to do? drink beer
73%
Which group was not a part of western Feudalism? Slaves
73%
Which event did not take place during the middle ages? Witch trials
73%
Which state did not exist during the middle ages? Belgium
70%
Which weapon did the Catholic church attempt to ban multiple times? Crossbow
66%
Which of the following kings did not go on crusade? Ferdinand II of Spain
66%
Which event does not occur at the end of the middle ages? The 100 Year War
57%
Which statement about medieval knights is wrong? Due to their heavy armor, they could not fight dismounted
52%
Which invention was not first made in China? eyeglasses
50%
What did people during the middle ages NOT believe The earth is flat
45%
Which ridiculously named realm was not part of the medieval Holy Roman Empire? Prussia
20%
No matching quizzes found
Score Distribution
Percent of People with Each Score
Percentile by Number Answered
Your Score History
You have not taken this quiz